<?xml version="1.0" encoding="UTF-8"?>
<record
    xmlns:xsi="http://www.w3.org/2001/XMLSchema-instance"
    xsi:schemaLocation="http://www.loc.gov/MARC21/slim http://www.loc.gov/standards/marcxml/schema/MARC21slim.xsd"
    xmlns="http://www.loc.gov/MARC21/slim">

  <leader>01809nam a2200205 a 4500</leader>
  <controlfield tag="001">000038405</controlfield>
  <controlfield tag="005">20250204085707.0</controlfield>
  <controlfield tag="008">130410s2009    dr abd        000 0 spa d</controlfield>
  <datafield tag="020" ind1=" " ind2=" ">
    <subfield code="a">9789993499695</subfield>
  </datafield>
  <datafield tag="040" ind1=" " ind2=" ">
    <subfield code="a">DO-SdBNP</subfield>
    <subfield code="b">spa</subfield>
    <subfield code="c">BNPHU</subfield>
  </datafield>
  <datafield tag="041" ind1="1" ind2="7">
    <subfield code="a">spa</subfield>
    <subfield code="b">eng</subfield>
  </datafield>
  <datafield tag="110" ind1="1" ind2=" ">
    <subfield code="a">Rep&#xFA;blica Dominicana.</subfield>
    <subfield code="b"> Secretar&#xED;a de Estado de Medio Ambiente y Recursos Naturales</subfield>
    <subfield code="9">14503</subfield>
  </datafield>
  <datafield tag="245" ind1="1" ind2="0">
    <subfield code="a">National implementation plan for the Stockholm convention in the Dominican Republic. / :</subfield>
    <subfield code="b">Plan nacional de la Rep&#xFA;blica Dominicana para la implementaci&#xF3;n del convenio de Estocolmo sobre contaminantes org&#xE1;nicos persistentes /</subfield>
    <subfield code="c">presentaci&#xF3;n Jaime David Fern&#xE1;ndez Mirabal.</subfield>
  </datafield>
  <datafield tag="246" ind1="1" ind2="0">
    <subfield code="a">Plan nacional de la Rep&#xFA;blica Dominicana para la implementaci&#xF3;n del convenio de Estocolmo sobre contaminantes org&#xE1;nicos persistentes</subfield>
  </datafield>
  <datafield tag="260" ind1=" " ind2=" ">
    <subfield code="a">Santo Domingo :</subfield>
    <subfield code="b">Secretar&#xED;a de Estado de Medio Ambiente y Recursos Naturales,</subfield>
    <subfield code="c">2009.</subfield>
  </datafield>
  <datafield tag="300" ind1=" " ind2=" ">
    <subfield code="a">171, 177 p. :</subfield>
    <subfield code="b">il., gr&#xE1;f. ;</subfield>
    <subfield code="c">29 cm.</subfield>
  </datafield>
  <datafield tag="505" ind1="0" ind2=" ">
    <subfield code="t">Presentaci&#xF3;n --</subfield>
    <subfield code="t">Acr&#xF3;nimos --</subfield>
    <subfield code="t">Resumen ejecutivo --</subfield>
    <subfield code="t">Introducci&#xF3;n --</subfield>
    <subfield code="t">L&#xED;nea -base de la Rep&#xFA;blica Dominicana --</subfield>
    <subfield code="t">Perfil de pa&#xED;s --</subfield>
    <subfield code="t">Marco institucional, pol&#xED;tica y regulaciones --</subfield>
    <subfield code="t">Diagnostico de los COP's y de la infraestructura existente en el pa&#xED;s, para su gesti&#xF3;n --</subfield>
    <subfield code="t">Estrategia y planes de acci&#xF3;n --</subfield>
    <subfield code="t">Declaraci&#xF3;n pol&#xED;tica --</subfield>
    <subfield code="t">Implementaci&#xF3;n de la estrategia --</subfield>
    <subfield code="t">Actividades del plan nacional de implementaci&#xF3;n --</subfield>
    <subfield code="t">Resumen de las actividades de desarrollo y de construcci&#xF3;n de capacidades --</subfield>
    <subfield code="t">Cronograma general de implementaci&#xF3;n PNI y factores de &#xE9;xito --</subfield>
    <subfield code="t">Resumen de los costos y el financiamiento requerido para implementar el PNI --</subfield>
    <subfield code="t">Bibliograf&#xED;a consultada --</subfield>
  </datafield>
  <datafield tag="563" ind1=" " ind2=" ">
    <subfield code="a">Dos obras con paginaci&#xF3;n independiente en encuadernaci&#xF3;n invertida.</subfield>
  </datafield>
  <datafield tag="700" ind1="1" ind2=" ">
    <subfield code="a">Fern&#xE1;ndez Mirabal, Jaime David</subfield>
    <subfield code="d">1956-</subfield>
    <subfield code="9">20967</subfield>
  </datafield>
  <datafield tag="952" ind1=" " ind2=" ">
    <subfield code="0">0</subfield>
    <subfield code="1">0</subfield>
    <subfield code="7">1</subfield>
    <subfield code="8">PD</subfield>
    <subfield code="a">PD</subfield>
    <subfield code="b">PD</subfield>
    <subfield code="c">HD</subfield>
    <subfield code="d">2013-04-10</subfield>
    <subfield code="i">LF1</subfield>
    <subfield code="l">0</subfield>
    <subfield code="o"> </subfield>
    <subfield code="p">38405-10</subfield>
    <subfield code="r">2020-06-25</subfield>
    <subfield code="w">2020-06-25</subfield>
    <subfield code="y">LFPD</subfield>
    <subfield code="Z">No se presta</subfield>
  </datafield>
  <datafield tag="952" ind1=" " ind2=" ">
    <subfield code="0">0</subfield>
    <subfield code="1">0</subfield>
    <subfield code="7">-1</subfield>
    <subfield code="8">PD</subfield>
    <subfield code="a">PD</subfield>
    <subfield code="b">PD</subfield>
    <subfield code="c">OI</subfield>
    <subfield code="d">2013-08-26</subfield>
    <subfield code="i">LF1</subfield>
    <subfield code="l">0</subfield>
    <subfield code="o"> </subfield>
    <subfield code="p">38405-20</subfield>
    <subfield code="r">2020-06-25</subfield>
    <subfield code="w">2020-06-25</subfield>
    <subfield code="y">LFPD</subfield>
    <subfield code="Z">No se presta</subfield>
  </datafield>
  <datafield tag="999" ind1=" " ind2=" ">
    <subfield code="c">37895</subfield>
    <subfield code="d">37895</subfield>
  </datafield>
</record>
